La France des Trente Glorieuses : 1945-1974 (notice n° 1925423)

détails MARC
000 -LEADER
fixed length control field 01365cam a2200133 4500500
005 - DATE AND TIME OF LATEST TRANSACTION
control field 20260329023210.0
041 ## - LANGUAGE CODE
Language code of text/sound track or separate title fre
042 ## - AUTHENTICATION CODE
Authentication code dc
100 10 - MAIN ENTRY--PERSONAL NAME
Personal name Lejeune, Dominique
Relator term author
245 00 - TITLE STATEMENT
Title La France des Trente Glorieuses : 1945-1974
260 ## - PUBLICATION, DISTRIBUTION, ETC.
Name of publisher, distributor, etc. Armand Colin,<br/>
Date of publication, distribution, etc. 2015.<br/>
520 ## - SUMMARY, ETC.
Summary, etc. Avec les Trente Glorieuses (1945-1974), la France entre dans l’ « ère de la consommation de masse », de la fameuse croissance et de la « société d’abondance ». Si Jean Fourastié a écrit, en définissant en 1979 la période, « ces trente années sont glorieuses », ce manuel démontre que son point de vue est beaucoup plus nuancé qu’on ne l’a généralement dit. Car ces Trente Glorieuses ne l’ont pas été pour tous, en particulier les personnes âgées, travailleurs immigrés ou handicapés. L’auteur nous livre une synthèse sur la société de ces années, où l’État-providence ne peut empêcher les inégalités sociales et les transformations environnementales déjà décriées par les écologistes. Le temps de la France de la IVe et de la Ve République, celle du capitalisme, de la décolonisation et de la Françafrique, sera brutalement clos par la grande dépression de la fin du siècle dernier.
856 41 - ELECTRONIC LOCATION AND ACCESS
Uniform Resource Identifier <a href="https://shs.cairn.info/la-france-des-trente-glorieuses--9782200291235?lang=fr&redirect-ssocas=7080">https://shs.cairn.info/la-france-des-trente-glorieuses--9782200291235?lang=fr&redirect-ssocas=7080</a>

Pas d'exemplaire disponible.

PLUDOC

PLUDOC est la plateforme unique et centralisée de gestion des bibliothèques physiques et numériques de Guinée administré par le CEDUST. Elle est la plus grande base de données de ressources documentaires pour les Étudiants, Enseignants chercheurs et Chercheurs de Guinée.

Adresse

627 919 101/664 919 101

25 boulevard du commerce
Kaloum, Conakry, Guinée

Réseaux sociaux

Powered by Netsen Group @ 2025